Gaming Quiz

Random Gaming Quiz

Classic Arcade Games (Picture Click) Quiz Stats

Quiz not verified by Sporcle

Challenge
Share
Tweet
Score 0/24 Timer 04:00
0 Plays Today
% Correct
Karate Champ
95%
Ms. Pac-Man
94.4%
Donkey Kong
93.3%
Dig Dug
88.3%
Q*bert
85%
Pac-Man
85%
Frogger
84.4%
BurgerTime
80.6%
Space Invaders
80.6%
Donkey Kong Junior
80%
Toobin'
73.9%
Centipede
68.3%
% Correct
Tron
67.2%
Spy Hunter
65.6%
Galaga
65%
Tempest
63.9%
Millipede
62.2%
Galaxian
60%
Pengo
55%
Phoenix
51.1%
Scramble
45%
Gorf
43.3%
Assault
43.3%
Front Line
30%

You're not logged in!

Compare scores with friends on all Sporcle quizzes.
Sign Up with Email
OR
Log In

You Might Also Like...

Show Comments

Extras

Top Quizzes Today


Score Distribution

Your Account Isn't Verified!

In order to create a playlist on Sporcle, you need to verify the email address you used during registration. Go to your Sporcle Settings to finish the process.